| 000 | 00507nam a2200181 a 4500 | ||
|---|---|---|---|
| 005 | 20220910063640.0 | ||
| 008 | 080421s1999 mx r 000 0 spa d | ||
| 020 | _a9685199000 | ||
| 035 | _aUPN01000155540 | ||
| 049 | _aI | ||
| 050 | 4 |
_aPZ74.3 _bD5.1 |
|
| 100 | 1 | _aDíaz del Castillo, Margarita | |
| 245 | 1 | 4 |
_aLos sueños de Fae / _cMargarita Díaz del Castillo. |
| 260 |
_aMéxico : _bGrupo Resistencia, _c1999. |
||
| 300 |
_a40 p. : _bil. |
||
| 650 | 7 |
_aPoesía infantil _2 _91259 |
|
| 905 | _aInfantil | ||
| 999 |
_c127655 _d127655 |
||